书目信息 |
| 题名: |
计算机辅助设计与制造
|
|
| 作者: | 唐承统 , 阎艳 主编 | |
| 分册: | ||
| 出版信息: | 北京 北京理工大学出版社 2008.01 |
|
| 页数: | 331页 | |
| 开本: | 26cm | |
| 丛书名: | ||
| 单 册: | ||
| 中图分类: | TP391.7 | |
| 科图分类: | ||
| 主题词: | 计算机辅助设计--ji suan ji fu zhu she ji--高等学校--教材 , 计算机辅助制造--ji suan ji fu zhu zhi zao--高等学校--教材 | |
| 电子资源: | ||
| ISBN: | 978-7-5640-1376-9 | |
| 000 | 01082nam0 2200277 450 | |
| 001 | 012008885890 | |
| 005 | 20080424160535.93 | |
| 010 | @a978-7-5640-1376-9@dCNY35.00 | |
| 100 | @a20080424d2008 em y0chiy0120 ea | |
| 101 | 0 | @achi |
| 102 | @aCN@b110000 | |
| 105 | @aa a 000yy | |
| 106 | @ar | |
| 200 | 1 | @a计算机辅助设计与制造@Aji suan ji fu zhu she ji yu zhi zao@f唐承统, 阎艳主编@Ftang cheng tong,yan yan zhu bian |
| 210 | @a北京@c北京理工大学出版社@d2008.01 | |
| 215 | @a331页@c图@d26cm | |
| 300 | @a面向21世纪机械工程及自动化机电一体化专业规划教材 | |
| 320 | @a有书目 (第330-331页) | |
| 330 | @a本书系统地介绍了CAD/CAM技术的基本理论和基础知识,主要内容包括:CAD/CAM的基本概念、CAD/CAM系统的硬件与软件、工程数据管理、计算机图形处理技术基础等。 | |
| 606 | 0 | @a计算机辅助设计@Aji suan ji fu zhu she ji@x高等学校@j教材 |
| 606 | 0 | @a计算机辅助制造@Aji suan ji fu zhu zhi zao@x高等学校@j教材 |
| 690 | @aTP391.7@v4 | |
| 701 | 0 | @a唐承统@Atang cheng tong@4主编 |
| 701 | 0 | @a阎艳@Ayan yan@4主编 |
| 801 | 0 | @aCN@bQSSK@c20080424 |
| 905 | @b297675-77@dTP391.7@eT236@f3 | |
| 计算机辅助设计与制造/唐承统, 阎艳主编.-北京:北京理工大学出版社,2008.01 |
| 331页:图;26cm |
| 面向21世纪机械工程及自动化机电一体化专业规划教材 |
| ISBN 978-7-5640-1376-9:CNY35.00 |
| 本书系统地介绍了CAD/CAM技术的基本理论和基础知识,主要内容包括:CAD/CAM的基本概念、CAD/CAM系统的硬件与软件、工程数据管理、计算机图形处理技术基础等。 |
| ● |
| 相关链接 |
|
|
|
正题名:计算机辅助设计与制造
索取号:TP391.7/T236
 
预约/预借
| 序号 | 登录号 | 条形码 | 馆藏地/架位号 | 状态 | 备注 |
| 1 | 297675 | 202976752 | 自科库301/301自科库 108排2列3层/ [索取号:TP391.7/T236] | 在馆 | |
| 2 | 297676 | 202976761 | 自科二线504/504自科库 27排1列3层/ [索取号:TP391.7/T236] | 在馆 | |
| 3 | 297677 | 202976770 | 自科库301/301自科库 108排2列3层/ [索取号:TP391.7/T236] | 在馆 |